| 000 | 01162 am a2200361ua 4500 | ||
|---|---|---|---|
| 999 |
_c200446172 _d64384 |
||
| 003 | TR-AnTOB | ||
| 005 | 20220111135956.0 | ||
| 007 | ta | ||
| 008 | 200623s2021 tu g 000*0 tur F | ||
| 020 | _a9786052162170 | ||
| 040 |
_aTVK _btur _erda _cTVK _dTR-AnTOB |
||
| 041 | 1 |
_atur _heng |
|
| 050 | 0 | 0 | _aBJ1496 |
| 090 |
_aBJ1496 _b.M5519 2021 |
||
| 100 | 1 |
_aMillburn, Joshua Fields _9134971 _eauthor |
|
| 240 | _aThe Minimalists | ||
| 245 | 1 | 0 |
_aMinimalizm : _banlamlı bir yaşam / _cJoshua Fields Millburn, Ryan Nicodemus ; çevirmen: Hülya Key. |
| 246 | 2 | 3 | _aAnlamlı bir yaşam. |
| 264 | 1 |
_aİstanbul : _beksik parça yayınları; _c2021. |
|
| 300 |
_a129 pages: _c21 cm. |
||
| 336 |
_atext _2rdacontent _btxt |
||
| 337 |
_aunmediated _2rdamedia _bn |
||
| 338 |
_avolume _2rdacarrier _bnc |
||
| 650 | 0 | _aVoluntary simplicity movement | |
| 650 | 0 | _aGönüllü basitlik hareketi | |
| 650 | 0 |
_aSimplicity _9125653 |
|
| 650 | 0 |
_aYaşam biçimi _2etuturkob _9125365 |
|
| 650 | 7 |
_aMutluluk _2etuturkob _916083 |
|
| 700 | 1 |
_aNicodemus, Ryan _eauthor _9134972 |
|
| 700 |
_aKey, Hülya _etranslator _9134973 |
||
| 942 |
_2lcc _cBK |
||